Т. 1: Уэверли, или Шестьдесят лет назад; Собрание сочинений

Бібліографічні деталі
Parent link:Собрание сочинений: в 20 т./ В. Скотт; худож. Б. В. Воронецкий ; под ред. Б. Г. Реизова др. ; пер. И. А. Лихачев. Т. 1: Уэверли, или Шестьдесят лет назад.— , 1960-
Інші автори: Реизов Б. (автор предисловия)
Мова:Російська
Опубліковано: 1960
Предмети:
Формат: MixedMaterials Книга
KOHA link:https://koha.lib.tpu.ru/cgi-bin/koha/opac-detail.pl?biblionumber=169598

MARC

LEADER 00000nam2a2200000 4500
001 169598
005 20231101222832.0
035 |a (RuTPU)RU\TPU\book\183959 
035 |a RU\TPU\book\176368 
090 |a 169598 
100 |a 20091116d1960 m y0rusy50 ca 
101 1 |a rus  |c eng 
102 |a RU 
105 |a a z 001ay 
200 0 |a Т. 1: Уэверли, или Шестьдесят лет назад  |f авт. предисл. Б. Реизов 
210 |d 1960 
215 |a 639 с.  |c ил. 
320 |a Комментарии: с. 599-636 
461 1 |0 (RuTPU)RU\TPU\book\183956  |t Собрание сочинений  |o в 20 т.  |o пер. с англ.  |f В. Скотт  |g худож. Б. В. Воронецкий ; под ред. Б. Г. Реизова др. ; пер. И. А. Лихачев  |v Т. 1: Уэверли, или Шестьдесят лет назад  |d 1960- 
600 1 |a Скотт  |b В.  |c английский писатель  |f 1771-1832  |g Вальтер  |2 stltpush  |3 (RuTPU)RU\TPU\pers\9275  |9 1830 
610 1 |a Шотландия 
610 1 |a 18 век 
610 1 |a английская литература 
675 |a 82  |v 3 
702 1 |a Реизов  |b Б.  |4 080 
801 1 |a RU  |b 63413507  |c 20090624  |g PSBO 
801 2 |a RU  |b 63413507  |c 20170515  |g PSBO 
942 |c BK